MDQL
is popping MORE tags! Check the
thread
!
Quizzes
Events
Quiz Creation
Community
Videos
Private Events
Remove Ads
Sign In
Join for FREE
Feedback
Dark Mode
Quiz Categories
Sports
Geography
Music
Movies
Television
Just For Fun
Miscellaneous
History
Literature
Language
Science
Gaming
Entertainment
Religion
Holiday
For Kids
Quiz Lab
Recent
Popular Today
Quiz Kudos Today
Editor Picks
Curator Picks
Quizzes by...
Day
Popularity
Type
Ratings
Length
Year
Community
Subscriptions
Recent Discussions
Orange Saloon
Badges
Playlists
Quests
Create
Leaderboards
Showdown
Live 5
Trivia Bingo
Activity
Puzzle Library
Sporcle Events
Private Events
Virtual Trivia
Globe League
Become a Host
Pub Owners
SporcleCon
Opinionation
Our Games
Videos
Blog
Mobile Apps
Partnerships
Remove Ads and Go Orange
Feedback
Television
TV Characters
TV Show
Sitcom
Network
Friends
Reality Shows
Cast
South Park
Star Trek
The Simpsons
Doctor Who
Television
TV Characters
TV Show
Sitcom
Network
Friends
Reality Shows
Cast
South Park
Star Trek
The Simpsons
Doctor Who
Random Quiz
Search Sporcle
×
Quiz Lab
Quiz Lab
Television
Amazing Race
Type in answers that appear in a list
Type in answers that appear in a list
Classic
Best Score? Go Orange.
The Amazing Race 15 Leg Placements Stats
Can you name the Amazing Race 15 Leg Placements?
By
unique2013
20m
84 Questions
127 Plays
127 Plays
127 Plays
Comments
Comments
Give Quiz Kudos
Give Quiz Kudos
-
- Ratings
hide this ad
More Info
Forced Order
Answers have to be entered in order
Answers have to be entered in order
Replay
Link that replays current quiz
Next Quiz
Link to next quiz in quiz playlist
You Got
0%
They Got
Avg Score
80%
Avg Friend Score
Upgrade to see
Score Distribution
Jump to the score distribution portion of the page
Score
0/84
Timer
20:00
0
Plays Today
Leg
Team
% Correct
Leg 1 (Japan)
Meghan and Cheyne
97.6%
Leg 1 (Japan)
Zev and Justin
89.8%
Leg 1 (Japan)
Sam and Dan
85%
Leg 1 (Japan)
Flight Time and Big Easy
84.3%
Leg 1 (Japan)
Brian and Ericka
84.3%
Leg 1 (Japan)
Eric and Lisa
84.3%
Leg 1 (Japan)
Mika and Canaan
83.5%
Leg 1 (Japan)
Maria and Tiffany
83.5%
Leg 2 (Vietnam)
Sam and Dan
83.5%
Leg 2 (Vietnam)
Flight Time and Big Easy
82.7%
Leg 5 (UAE)
Meghan and Cheyne
82.7%
Leg 2 (Vietnam)
Meghan and Cheyne
81.9%
Leg 3 (Vietnam)
Flight Time and Big Easy
81.9%
Leg 3 (Vietnam)
Meghan and Cheyne
81.9%
Leg 6 (UAE)
Meghan and Cheyne
81.9%
Leg 1 (Japan)
Lance and Keri
81.1%
Leg 1 (Japan)
Marcy and Ron
81.1%
Leg 1 (Japan)
Gary and Matt
81.1%
Leg 2 (Vietnam)
Gary and Matt
81.1%
Leg 2 (Vietnam)
Zev and Justin
81.1%
Leg 2 (Vietnam)
Mika and Canaan
81.1%
Leg 3 (Vietnam)
Sam and Dan
81.1%
Leg 3 (Vietnam)
Mika and Canaan
81.1%
Leg 4 (Cambodia)
Sam and Dan
81.1%
Leg 8 (Sweden)
Flight Time and Big Easy
81.1%
Leg 8 (Sweden)
Meghan and Cheyne
81.1%
Leg 9 (Estonia)
Meghan and Cheyne
81.1%
Leg 2 (Vietnam)
Brian and Ericka
80.3%
Leg
Team
% Correct
Leg 3 (Vietnam)
Brian and Ericka
80.3%
Leg 3 (Vietnam)
Zev and Justin
80.3%
Leg 4 (Cambodia)
Flight and Time Big Easy
80.3%
Leg 4 (Cambodia)
Meghan and Cheyne
80.3%
Leg 4 (Cambodia)
Mika and Canaan
80.3%
Leg 4 (Cambodia)
Zev and Justin
80.3%
Leg 6 (UAE)
Mika and Canaan
80.3%
Leg 7 (Netherlands)
Sam and Dan
80.3%
Leg 7 (Netherlands)
Meghan and Cheyne
80.3%
Leg 8 (Sweden)
Sam and Dan
80.3%
Leg 12 (USA)
Sam and Dan
80.3%
Leg 2 (Vietnam)
Maria and Tiffany
79.5%
Leg 3 (Vietnam)
Maria and Tiffany
79.5%
Leg 4 (Cambodia)
Brian and Ericka
79.5%
Leg 5 (UAE)
Mika and Canaan
79.5%
Leg 8 (Sweden)
Brian and Ericka
79.5%
Leg 9 (Estonia)
Sam and Dan
79.5%
Leg 9 (Estonia)
Flight Time and Big Easy
79.5%
Leg 10 (Czech Republic)
Meghan and Cheyne
79.5%
Leg 10 (Czech Republic)
Brian and Ericka
79.5%
Leg 11 (Czech Republic)
Meghan and Cheyne
79.5%
Leg 11 (Czech Republic)
Flight Time and Big Easy
79.5%
Leg 12 (USA)
Meghan and Cheyne
79.5%
Leg 12 (USA)
Brian and Ericka
79.5%
Leg 7 (Netherlands)
Maria and Tiffany
79.5%
Leg 1 (Japan)
Garrett and Jessica
78.7%
Leg 3 (Vietnam)
Gary and Matt
78.7%
Leg 3 (Vietnam)
Marcy and Ron
78.7%
Leg
Team
% Correct
Leg 4 (Cambodia)
Maria and Tiffany
78.7%
Leg 5 (UAE)
Brian and Ericka
78.7%
Leg 5 (UAE)
Flight Time and Big Easy
78.7%
Leg 5 (UAE)
Sam and Dan
78.7%
Leg 6 (UAE)
Sam and Dan
78.7%
Leg 6 (UAE)
Flight Time and Big Easy
78.7%
Leg 7 (Netherlands)
Flight Time and Big Easy
78.7%
Leg 9 (Estonia)
Brian and Ericka
78.7%
Leg 10 (Czech Republic)
Sam and Dan
78.7%
Leg 10 (Czech Republic)
Flight Time and Big Easy
78.7%
Leg 2 (Vietnam)
Lance and Keri
78%
Leg 4 (Cambodia)
Gary and Matt
78%
Leg 5 (UAE)
Maria and Tiffany
78%
Leg 6 (UAE)
Maria and Tiffany
78%
Leg 6 (UAE)
Brian and Ericka
78%
Leg 7 (Netherlands)
Brian and Ericka
78%
Leg 8 (Sweden)
Gary and Matt
78%
Leg 9 (Estonia)
Gary and Matt
78%
Leg 11 (Czech Republic)
Sam and Dan
78%
Leg 2 (Vietnam)
Garrett and Jessica
78%
Leg 2 (Vietnam)
Marcy and Ron
77.2%
Leg 3 (Vietnam)
Lance and Keri
77.2%
Leg 11 (Czech Republic)
Brian and Ericka
77.2%
Leg 4 (Cambodia)
Lance and Keri
76.4%
Leg 5 (UAE)
Gary and Matt
76.4%
Leg 5 (UAE)
Lance and Keri
76.4%
Leg 6 (UAE)
Gary and Matt
75.6%
Leg 7 (Netherlands)
Gary and Matt
75.6%
Quiz Playlist
Details
Report
Send in Message
Add To Playlist
More Info:
List team names as name1 name2. name2 name1 will also work.
Classic:
Type in answers that appear in a list
Forced Order:
Answers have to be entered in order
Quiz Source
Last Updated: Feb 16, 2017
Quiz Scoreboard
CHALLENGE
Sign Up to Join the Scoreboard
Show All
Scores
Hide
Comments
May contain spoilers
Recently Published
Holiday 10x10 Sorting Gallery
by lukepisani3
Holiday
15m
Two Season TV Shows II
by 123Four
Television
10m
Image Sorting: Flags VI
by Barbecue
Geography
2m
More to Explore
Quiz From the Vault
Featured Blog Post
14 Easter Pick-up Lines to Find Eggs With
hide this ad
You Might Also Like...
Tags
Amazing Race
Today's Top Quizzes in Television
Browse Television
hide this ad
Today's Top Quizzes in Amazing Race
Browse Amazing Race
Top Contributed Quizzes in Television
1
Survivor Journey Challenge
2
Even More Two Season TV Shows
3
Adjectives in 00s TV Shows
4
Even More Three Season TV Shows
5
One Season TV Shows
6
Survivor Logic Puzzle: Heroes vs. Villains
7
Adjectives in 10s TV Shows
8
More One Season TV Shows
9
One Piece Logic Puzzle
10
Even More One Season TV Shows
Explore More
Trending Topics
Anime
NBA
Marvel
Harry Potter
Disney
Kpop
Crossword
Country
NFL
Soccer
Song
Pokémon
WWE
Puzzle
The Office
hide this ad
More By:
unique2013
Quiz
Plays
Rating
Category
Featured
Created
The Amazing Race 21 Leg Placements
233
5.00
Television
Feb 14, 2013
The Amazing Race 20 Leg Placements
218
5.00
Television
Feb 14, 2013
The Amazing Race 18 Leg Placements
217
5.00
Television
Feb 14, 2013
The Amazing Race 12 Leg Placements
190
3.40
Television
Feb 14, 2013
The Amazing Race 17 Leg Placements
163
5.00
Television
Feb 14, 2013
Go to Creator's Profile
Score Distribution
Quiz Creator Spotlight
unique2013
Follow
Send a Message
Quizzes Created
-
Created Quiz Play Count
-
More By This Creator
Popular Quizzes Today
1
Find the US States - No Outlines Minefield
2
Colored Red Africa Blitz
3
Find the 'City' Movie
4
The Countries of the World
5
Find the US States
6
5x2 Blitz: Bands
7
Find the Countries of Europe - No Outlines Minefield
8
US States
More Television Quizzes
Sitcom by IMDb Trivia
Editor's Pick
Trending Quizzes
Colored Red Europe Blitz I
Colored Red Europe Blitz II
Colored Red Africa Blitz II
Colored Red Africa Blitz III
Colored Red Europe Blitz III
Recently Updated
Odd Team Out - Big 4 Players
pecheneg
Quick Pick: 20 Twenties
pecheneg
March Madness Men's Triple Doubles
pecheneg
How Do You Spell That?
pecheneg
Godzilla Movies
pecheneg
Grab Bag: 4-10 Letters
pecheneg
2024 March Madness Bracket
pecheneg
Famous TV Couples
Peacemaker
Champions League XIs: Real Madrid
pecheneg
Largest US Cities 1790-2010
pecheneg
Trending Topics
Harry Potter
NBA
Kpop
Marvel
Crossword
Anime
Disney
NFL
Puzzle
Song
Pokémon
Country
Soccer
WWE
The Office
Your Account Isn't Verified!
In order to create a playlist on Sporcle, you need to verify the email address you used during registration. Go to your
Sporcle Settings
to finish the process.
Report this User
Report this user for behavior that violates our
Community Guidelines
.
Details:
Send Report
Go to the Sporcle.com Mobile Site →
Comments